141 Babynamen der Woche 28/25' - Statistiken

Allgemein
  • Dieses Quiz wurde 8 mal gespielt
  • Das Durchschnittsergebnis liegt bei 55 aus 141
Antwortstatistiken
📍 Vorname % Korrekt
Aa..n ♂️ Aaron
100%
Ag..a ♀️ Agata
100%
Am.l.e ♀️ Amelie
100%
An.a ♀️ Anna
100%
El.s.b..h ♀️ Elisabeth
100%
H.r.m..n ♂️ Herrmann
100%
Le.h ♀️ Leah
100%
Lu.y ♀️ Lucy
100%
An.e ♀️ Anae
83%
C.a.a ♀️ Clara
83%
Ed..w..ß ♀️ Edelweiß
83%
El.a ♀️ Ella
83%
Ge.t..d ♀️ Gertrud
83%
J.h.n.a ♀️ Johanna
83%
J.n.h ♂️ Jonah
83%
L.a.a ♀️ Liana
83%
L.c.f.r ♂️ Lucifer
83%
Lu.w.g ♂️ Ludwig
83%
M.x ♂️ Max
83%
T.e.d..a ♀️ Theodora
83%
A.i.e ♀️ Alice
67%
B.n.d..t ♂️ Benedikt
67%
B.u.o ♂️ Bruno
67%
Em.a ♀️ Emma
67%
F.i.z ♂️ Fritz
67%
G.l.t..a ♀️ Galathea
67%
I.a ♀️ Ida
67%
Ir.s ♀️ Iris
67%
K.r.f.i.d ♂️ Karlfried
67%
L.e ♂️ Lee
67%
L.v ♀️ Liv
67%
M.y ♀️ May
67%
N.t..n ♂️ Nathan
67%
Ol.v.a ♀️ Olivia
67%
P.u.a ♀️ Paula
67%
Wi.h..m..e ♀️ Wilhelmine
67%
Am..a ♀️ Amira
50%
An.e..e ♀️ Annette
50%
An.i.a ♀️ Annika
50%
A.t.n.e ♀️ Antonie
50%
B.o ♂️ Bao
50%
B.l.a ♀️ Bella
50%
C.t.l..a ♀️ Cataleya
50%
E.l.e ♀️ Ellie
50%
F.o.a ♀️ Flora
50%
F.a.z ♂️ Franz
50%
F.i.d.r..e ♀️ Friederike
50%
Is.d.r ♂️ Isidor
50%
K.a ♂️ Koa
50%
L.t.e ♀️ Lotte
50%
Ma.a ♀️ Mara
50%
M.r.a ♀️ Maria
50%
M.r.e ♀️ Marie
50%
Mi.a ♀️ Mila
50%
M.r..z ♂️ Moritz
50%
Ni.a ♀️ Nica
50%
O.k.r ♂️ Oskar
50%
O.t.l.e ♀️ Ottilie
50%
Ro.a ♀️ Rosa
50%
R.s.l.e ♀️ Rosalie
50%
S.r.f.m ♂️ Serafim
50%
S.p..e ♀️ Sophie
50%
Th.a ♀️ Thea
50%
Wo.f ♂️ Wolf
50%
Y.a ♀️ Yva
50%
A.n.s ♀️ Agnes
33%
Al.a ♀️ Alva
33%
An..l.e.e ♀️ Anneliese
33%
Ap..l ♀️ April
33%
A.t..r ♂️ Arthur
33%
A.r.l..n ♂️ Aurelian
33%
A.a ♀️ Ava
33%
B.a.r.x ♀️ Beatrix
33%
C.t..r..e ♀️ Catherine
33%
Ch.a.a ♀️ Chiara
33%
Da.m.r ♀️ Dagmar
33%
E.i.e ♀️ Elise
33%
F.e.a ♀️ Freya
33%
J.s..h ♂️ Joseph
33%
Li.s.l ♀️ Liesel
33%
L.v.y ♂️ Livay
33%
Lo.i.a ♀️ Louisa
33%
Lo.i.e ♀️ Louise
33%
Ma.l..e ♀️ Marlene
33%
Ma.l.n ♂️ Marlon
33%
M.r.b.l ♀️ Mirabel
33%
Pe.e ♂️ Pepe
33%
T.t.s ♂️ Titus
33%
A.v..o ♂️ Alvaro
17%
Am.s ♂️ Amos
17%
At.e.a ♀️ Athena
17%
A.r..a ♀️ Aurora
17%
C.s.y ♂️ Casey
17%
D.l..a ♀️ Delila
17%
El.n..a ♀️ Elenora
17%
El.i.e ♀️ Eloise
17%
Fr.t.i ♀️ Fritzi
17%
Is.b.l.e ♀️ Isabelle
17%
Is.a ♀️ Isla
17%
J.l..e ♀️ Joline
17%
K.e.z..t.a ♀️ Kreszentia
17%
L.n..a ♀️ Linnea
17%
Lo.a ♀️ Lola
17%
L.a.a ♀️ Luana
17%
Lu.a ♂️ Luca
17%
M.l.u ♀️ Malou
17%
M.u.e ♀️ Mauve
17%
Re.y ♀️ Remy
17%
Ro.e ♀️ Rose
17%
Sa.u ♂️ Samu
17%
T.e.p.i.e ♂️ Theophile
17%
Th.r..a ♀️ Theresa
17%
Vi.l.t.e ♀️ Violette
17%
Ai.a ♀️ Aida
0%
Am.r..o ♂️ Americo
0%
A.a.s ♀️ Anais
0%
A.m.n.o ♂️ Armando
0%
Cl.r.n.e ♂️ Clarence
0%
C.a.t.n ♂️ Clayton
0%
Cl.a ♀️ Clea
0%
Co.s.n ♂️ Corsin
0%
Co.m.n ♂️ Cosmin
0%
De.p.i.e ♀️ Delphine
0%
Ed.n ♀️ Eden
0%
En.n.u ♂️ Enundu
0%
F.o.o.a ♀️ Feonora
0%
Fi.i.n ♂️ Finian
0%
H.m.l..a ♀️ Himalaya
0%
Id.n ♀️ Idun
0%
La.r.n.e ♂️ Laurence
0%
L.a..a ♂️ Luamba
0%
Ma.a ♀️ Maya
0%
N.y..a ♀️ Nayuma
0%
N.e..e ♀️ Noelie
0%
Ph.l.m..a ♀️ Philomena
0%
R.g.a ♀️ Ragna
0%
S.a.l.y ♂️ Stanley
0%
T.h.a ♂️ Tahoa
0%
Va.i ♂️ Vali
0%
Ve.a ♀️ Vega
0%
Z.l.a ♀️ Zelda
0%
Keine übereinstimmenden Quizze gefunden
Verteilung der Resultate
Anzahl Personen mit jedem Resultat
Perzentil nach korrekt beantworteten Fragen
Ihre Resultats-Entwicklung
Sie haben dieses Quiz noch nicht gespielt